| 000 | 00909nas a2200277 4500 | ||
|---|---|---|---|
| 001 | BR8004213 | ||
| 003 | BR-BrBNA | ||
| 005 | 20231205084346.0 | ||
| 007 | ta | ||
| 008 | 230509b bl.|||p| |||| 00| 00por d | ||
| 040 |
_aBR-BrBNA _bpor _cBiblioteca Nacional de Agricultura |
||
| 041 | _a(Pt) | ||
| 072 | _aF10; F22 | ||
| 100 | 1 | _aCastro Neto, P. | |
| 100 | 1 | _aSediyama, G.C. | |
| 100 | 1 | _aFerreira, P.A. | |
| 100 | 1 | _aVieira, M. | |
| 245 | 1 |
_aEstimativa da evapotranspiracao real baseada na evapotranspiracao potencial estimada pela equacao de penman e na umidade do solo [Minas Gerais, Brasil] _bParte de tese |
|
| 650 | _aEVAPOTRANSPIRACAO | ||
| 650 | _aUMIDADE DO SOLO | ||
| 650 | _aEVAPORACAO | ||
| 650 | _aMINAS GERAIS | ||
| 773 | 0 |
_tCiencia e Pratica (Brazil) _xISSN 0100-3267 _g(Jun 1980), v. 4(2) p. 92-102 _wBR8004213 |
|
| 909 |
_a202311 _bLúcia _c55 _dLúcia Elande |
||
| 942 |
_2AGRIS _n0 _cANA |
||
| 999 |
_c104716 _d104716 |
||